| 000 | 00538nam a2200205Ia 4500 | ||
|---|---|---|---|
| 003 | OSt | ||
| 005 | 20250106105716.0 | ||
| 008 | 210716s1987 xx 000 0 und d | ||
| 020 | _a0373621086 | ||
| 040 | _cAIMIT LIBRARY | ||
| 041 | _aeng | ||
| 082 |
_a808.83 _21 _bJACJ |
||
| 100 |
_aJackson, James O. _9192182 |
||
| 245 |
_aDzeezhinsky square / _cBy James O Jackson. |
||
| 250 | _a1st ed. | ||
| 260 |
_aNew York : _bWorld Wide ; _c1987. |
||
| 300 | _a317p. ; | ||
| 650 |
_aNovels _9192183 |
||
| 942 |
_2ddc _cBK _e1st ed. _k808.83 JACJ |
||
| 999 |
_c199877 _d199877 |
||